International Water Association (Record no. 119995)

MARC details
000 -LEADER
fixed length control field 00680cam a2200181 4500
001 - CONTROL NUMBER
control field WS116474
008 - FIXED-LENGTH DATA ELEMENTS--GENERAL INFORMATION
fixed length control field 020125n 000 0 eng u
035 ## - SYSTEM CONTROL NUMBER
System control number (Sirsi) u116474
110 ## - MAIN ENTRY--CORPORATE NAME
Corporate name or jurisdiction name as entry element International Water Association
9 (RLIN) 4188
245 ## - TITLE STATEMENT
Title International Water Association
520 ## - SUMMARY, ETC.
Summary, etc. Web site for this organisation set up for the 'improvement of urban water management worldwide in an environmentally sustainable way'. Includes pages on drinking water and news.
650 ## - SUBJECT ADDED ENTRY--TOPICAL TERM
Topical term or geographic name entry element INTERNATIONAL
650 ## - SUBJECT ADDED ENTRY--TOPICAL TERM
Topical term or geographic name entry element DRINKING WATER
650 ## - SUBJECT ADDED ENTRY--TOPICAL TERM
Topical term or geographic name entry element ORGANISATION
690 ## - LOCAL SUBJECT ADDED ENTRY--TOPICAL TERM (OCLC, RLIN)
Topical term or geographic name as entry element WATER
856 40 - ELECTRONIC LOCATION AND ACCESS
Uniform Resource Identifier <a href="https://www.iawq.org.uk">https://www.iawq.org.uk</a>
Public note View the website free of charge at www.iawq.org.uk...
942 ## - ADDED ENTRY ELEMENTS (KOHA)
Suppress in OPAC 0
Holdings
Withdrawn status Lost status Source of classification or shelving scheme Damaged status Not for loan Home library Current library Shelving location Date acquired Total Checkouts Full call number Barcode Date last seen Copy number Price effective from Koha item type
    Dewey Decimal Classification     Virtual Virtual Online 25/01/2002   WEB SITE 116474-2001 06/08/2019 1 06/08/2019 Online material